دوائر نباط و أنظمة : (رقم التسجيلة. 7181)
[ عرض عادي ]
| 000 -LEADER | |
|---|---|
| fixed length control field | 00612nam a22001937a 4500 |
| 005 - DATE AND TIME OF LATEST TRANSACTION | |
| control field | 20251108164234.0 |
| 008 - FIXED-LENGTH DATA ELEMENTS--GENERAL INFORMATION | |
| fixed length control field | 250721s1986 xx 000 0 ara d |
| 082 14 - DEWEY DECIMAL CLASSIFICATION NUMBER | |
| Classification number | 621.3/سمي |
| 100 1# - MAIN ENTRY--PERSONAL NAME | |
| Personal name | سميث، رالف |
| 245 10 - TITLE STATEMENT | |
| Title | دوائر نباط و أنظمة : |
| Remainder of title | مساق أول في الهندسة الكهربائية / |
| 250 ## - EDITION STATEMENT | |
| Edition statement | ط3. |
| 264 1# - PRODUCTION, PUBLICATION, DISTRIBUTION, MANUFACTURE, AND COPYRIGHT NOTICE | |
| Place of production, publication, distribution, manufacture | لندن : |
| Name of producer, publisher, distributor, manufacturer | دار جون ويلي، |
| Date of production, publication, distribution, manufacture, or copyright notice | 1986. |
| 300 ## - PHYSICAL DESCRIPTION | |
| Extent | 907ص. |
| 650 17 - SUBJECT ADDED ENTRY--TOPICAL TERM | |
| Topical term or geographic name as entry element | الهندسة الكهربائية |
| 700 1# - ADDED ENTRY--PERSONAL NAME | |
| Personal name | المقوسي، محمد |
| Relator term | ترجمة |
| 700 1# - ADDED ENTRY--PERSONAL NAME | |
| Personal name | زعبلاوي، عصام |
| 942 ## - ADDED ENTRY ELEMENTS (KOHA) | |
| Source of classification or shelving scheme | Dewey Decimal Classification |
| Koha item type | كتب |
| حالة السحب | حالة الفقدان | مصدر التصنيف | حالة التلف | غير قابل للإعارة | المكتبة الرئيسية | المكتبة الحالية | موقع الرف | تاريخ التزويد | الرقم المتسلسل | Total Checkouts | رقم الإستدعاء | الباركود | تاريخ آخر ظهور | تاريخ الفاتورة | نوع المادة (كوها) |
|---|---|---|---|---|---|---|---|---|---|---|---|---|---|---|---|
| Dewey Decimal Classification | المكتبة المركزية | المكتبة المركزية | الإعارة | 06/07/2004 | 188063 | 621.3/سمي | 188063 | 28/07/2025 | 06/07/2004 | كتب | |||||
| Dewey Decimal Classification | المكتبة المركزية | المكتبة المركزية | الإعارة | 06/07/2004 | 188062 | 621.3/سمي | 188062 | 28/07/2025 | 06/07/2004 | كتب | |||||
| Dewey Decimal Classification | مكتبة الأميرة ايمان العامة | مكتبة الأميرة ايمان العامة | الإعارة | 13/11/2013 | 657702 | 621.3/سمي | PLD00286071 | 28/07/2025 | 13/11/2013 | كتب | |||||
| Dewey Decimal Classification | Unchecked | مكتبة الاميرة بديعة | مكتبة الاميرة بديعة | الإعارة | 06/07/2004 | 4173 | 621.3/سمي | 28/07/2025 | 06/07/2004 | كتب | |||||
| Dewey Decimal Classification | Unchecked | مكتبة الجويدة | مكتبة الجويدة | الإعارة | 06/07/2004 | 3804 | 621.3/سمي | 28/07/2025 | 06/07/2004 | كتب | |||||
| Dewey Decimal Classification | مكتبة النصر العامة | مكتبة النصر العامة | الإعارة | 11/03/2015 | [ 6109 ]] | 621.3/سمي | PLD00376251 | 28/07/2025 | 11/03/2015 | كتب | |||||
| Dewey Decimal Classification | مكتبة حمزة العامة | مكتبة حمزة العامة | الإعارة | 02/06/2015 | 657714 | 621.3/سمي | PLD00328369 | 28/07/2025 | 02/06/2015 | كتب | |||||
| Dewey Decimal Classification | مكتبة صويلح العامة | مكتبة صويلح العامة | الإعارة | 14/06/2019 | [8399] | 621.3/سمي | PLD00454147 | 28/07/2025 | 14/06/2019 | كتب | |||||
| Dewey Decimal Classification | مكتبة وادي السير العامة | مكتبة وادي السير العامة | الإعارة | 30/06/1980 | [4577]...... | 621.3/سمي | PLD00372281 | 28/07/2025 | 30/06/1980 | كتب |